Operations management : text and cases

Saved in:
Bibliographic Details
Other Authors: Marshall, Paul W.
Format: Book
Language:English
Published: Homewood, Ill. : R. D. Irwin, 1975
Subjects:
Tags: Add Tag
No Tags, Be the first to tag this record!

MARC

LEADER 00000nam a2200000 i 4500
001 1/57558
008 960315s1975 eng d
020 |a 0256016828 
035 |l 10028213 
040 |a GR-MY-UA  |b gre  |e aacr 
041 0 |a eng 
082 0 |a 658.4 
245 1 0 |a Operations management :  |b text and cases /  |c by Paul W. Marshall ... [et al.] 
260 |a Homewood, Ill. :   |b R. D. Irwin,   |c 1975 
300 |a xii, 680 p.;  |b ill.;  |c 24 cm 
500 |a Includes indexes 
650 0 0 |a Industrial management. 
700 1 |a Marshall, Paul W. 
852 |a INST  |b CHIOS  |e 19960315  |h 658.4034 OPE  |p 005200004404  |q 005200004404  |t BK  |y 0 
909 |a Χ  |b 000677